|
|
|
|
| LEADER |
00884nam a2200241 a 4500 |
| 001 |
206216 |
| 008 |
100623s2000 nyua b 001 0 eng d |
| 010 |
|
|
|a \\\99070841
|
| 020 |
|
|
|a 0500203261 (pbk.)
|
| 040 |
|
|
|a DLC
|c DLC
|d DLC
|d BD-DhAAL
|
| 082 |
0 |
0 |
|a 709/.52
|2 21
|
| 100 |
1 |
|
|a Stanley-Baker, Joan.
|
| 245 |
1 |
0 |
|a Japanese art /
|c Joan Stanley-Baker.
|
| 250 |
|
|
|a Rev. and expanded ed.
|
| 260 |
|
|
|a New York :
|b Thames and Hudson,
|c 2000.
|
| 300 |
|
|
|a 223 p. :
|b ill. (some col.), maps ;
|c 22 cm.
|
| 490 |
0 |
|
|a World of art
|
| 504 |
|
|
|a Includes bibliographical references (p. 212-215) and index.
|
| 541 |
1 |
|
|e 00008392
|
| 650 |
|
0 |
|a Art, Japanese.
|
| 852 |
4 |
|
|a Ayesha Abed Library
|j General Shelf
|
| 999 |
|
|
|c 9067
|d 9067
|
| 952 |
|
|
|0 0
|1 0
|2 ddc
|4 0
|6 709_520000000000000_STA_2000
|7 0
|9 11231
|a BRACUL
|b BRACUL
|c GEN
|d 2010-06-24
|l 8
|m 51
|o 709.52 STA
|p 3010008392
|r 2025-11-05
|s 2025-10-22
|t 1
|w 2010-06-24
|y BK
|